Acteurs du film Black Swan par images - Statistiques

Statistiques générales
  • Ce quiz a été pris 51 fois
  • Le résultat moyen est 4 sur 7
Statistiques - réponses
Par images Hint Réponse % Correct
Thomas Leroy Vincent Cassel
98%
Nina Sayers Natalie Portman
94%
Lily Mila Kunis
71%
Beth Macintyre Winona Ryder
56%
le Réalisateur Darren Aronofsky
23%
David Benjamin Millepied
17%
Erica Sayers Barbara Hershey
13%
Aucun quiz correspondant
Distribution des résultats
% des personnes avec chaque résultat
Percentile par nombre de réponses
Votre historique - résultats
Vous n’avez pas pris ce quiz